000 00696nam a2200205 a 4500
001 000006822
003 DO-SdBNP
005 20251210111112.0
008 090903s1998 dr b 001 0 spa d
040 _aDO-SdBNP
_bspa
_cBNPHU
082 _a341.45
_bM385p
100 1 _aMartínez Gil, Leoncio,
_d1944-
_918964
245 1 0 _aProblemática de las regulaciones marítimas en la República Dominicana y la región del Caribe /
_cLeoncio Martínez Gil.
260 _aSanto Domingo :
_bCorripio,
_c1998.
300 _a91 p. :
_bmap. ;
_c27 cm.
500 _aIncluye índice
504 _aIncluye bibliografías (p.91)
650 0 _aDerecho marítimo
_zRepública Dominicana
_99352
942 _2ddc
_cLBS1
999 _c6610
_d6610